Histoire politique de la France depuis 1945 (notice n° 2197724)
[ vue normale ]
| 000 -LEADER | |
|---|---|
| fixed length control field | 01155cam a2200133 4500500 |
| 005 - DATE AND TIME OF LATEST TRANSACTION | |
| control field | 20260405085444.0 |
| 041 ## - LANGUAGE CODE | |
| Language code of text/sound track or separate title | fre |
| 042 ## - AUTHENTICATION CODE | |
| Authentication code | dc |
| 100 10 - MAIN ENTRY--PERSONAL NAME | |
| Personal name | Becker, Jean-Jacques |
| Relator term | author |
| 245 00 - TITLE STATEMENT | |
| Title | Histoire politique de la France depuis 1945 |
| 260 ## - PUBLICATION, DISTRIBUTION, ETC. | |
| Name of publisher, distributor, etc. | Armand Colin,<br/> |
| Date of publication, distribution, etc. | 2025.<br/> |
| 520 ## - SUMMARY, ETC. | |
| Summary, etc. | La vie politique française depuis 1945, c’est celle de deux républiques, confrontées à des crises majeures – 1958, 1968… –, à un contexte international marqué par la guerre froide, la décolonisation, l’effondrement du bloc soviétique, enfin l’exacerbation des menaces terroristes. C’est aussi un paysage social et des données économiques en pleine mutation : croissance des Trente Glorieuses, chocs pétroliers et récession, explosions technologique et financière, mondialisation… Traversant ces vicissitudes ou ces révolutions, le personnel et les pratiques politiques ont changé eux aussi, pour répondre à la fois aux attentes de la société civile et aux défis du monde contemporain. |
| 856 41 - ELECTRONIC LOCATION AND ACCESS | |
| Uniform Resource Identifier | <a href="https://shs.cairn.info/histoire-politique-de-la-france-depuis-1945--9782200641320?lang=fr&redirect-ssocas=7080">https://shs.cairn.info/histoire-politique-de-la-france-depuis-1945--9782200641320?lang=fr&redirect-ssocas=7080</a> |
Pas d'exemplaire disponible.




Réseaux sociaux